| 000 | 02075cam a22005054i 4500 | ||
|---|---|---|---|
| 003 | PE-LiUPU | ||
| 005 | 20250731173532.0 | ||
| 008 | 150616s r 000 0 d | ||
| 020 | _a0801020018 | ||
| 035 | _a(Sirsi) i9780801020018 | ||
| 040 |
_aPE-LiUPU _bspa _cPE-LiUPU _erda |
||
| 049 | _aPRUA | ||
| 082 | 0 | 4 |
_a296.09014 _bS29 _221 |
| 100 | 1 |
_aScott, J. Julius, _eautor. |
|
| 245 | 1 | 0 |
_aCustoms and controversies : _bintertestamental Jewish backgrounds of the New Testament / _cJ. Julius Scott, Jr. |
| 264 | 1 |
_aGrand Rapids, Michigan : _bBaker Books, _c1995. |
|
| 300 |
_a419 páginas ; _c23 centímetros |
||
| 336 |
_atext _2rdacontent |
||
| 337 |
_aunmediated _2rdamedia |
||
| 338 |
_avolume _2rdacarrier |
||
| 504 | _aIncluye bibliografía. | ||
| 505 | 0 | _aThe background and setting of intertestamental Judaism.- The Crises and responses of intertestamental judaism.- The religious thought of intertestamental judaism. | |
| 526 | _aSEG42 | ||
| 526 | _aSEG41 | ||
| 526 | _aSEG40 | ||
| 526 | _aSEG39 | ||
| 526 | _aP94 | ||
| 526 | _aP87 | ||
| 526 | _aP86 | ||
| 526 | _aP85 | ||
| 526 | _aP77 | ||
| 526 | _aP76 | ||
| 526 | _aP35 | ||
| 650 | 0 | 4 |
_aJudaísmo _xHistoria _yPeríodo post-exílico, año 586 aC-210 dC. |
| 910 |
_ajck _bjvq _cjck |
||
| 942 |
_2ddc _cBOOK |
||
| 949 |
_a296.09014 S29 _wDEWEY _c1 _i41245 _lCCODEBUL1 _mBUL _r0 _sY _tBOOK _u2015-6-16 _xTEOLOGIA _zUNKNOWN _0COMPRA _o.STAFF. Colección General |
||
| 949 |
_a296.09014 S29 _wDEWEY _c2 _i42294 _lCCODEBUL1 _mBUL _r0 _sY _tBOOK _u2015-6-16 _xTEOLOGIA _zUNKNOWN _0COMPRA _o.STAFF. Colección General |
||
| 994 |
_aC0 _bPEPRU |
||
| 596 | _a1 | ||
| 999 |
_a296.09014 S29 _wDEWEY _c60125 _i41245 _f2021-11-11 _g5 _lCCODEBUL1 _mBUL _r0 _sY _tBOOK _u2015-6-16 _xTEOLOGIA _zUNKNOWN _0COMPRA _o.STAFF. Colección General _d60125 |
||
| 999 |
_a296.09014 S29 _wDEWEY _c2 _i42294 _f2021-11-11 _g5 _lCCODEBUL1 _mBUL _r0 _sY _tBOOK _u2015-6-16 _xTEOLOGIA _zUNKNOWN _0COMPRA _o.STAFF. Colección General |
||
| 980 |
_81 _gALBERTO SANCHEZ Responsable de Automatización |
||